| 000 | 02874cam a22003614a 4500 | ||
|---|---|---|---|
| 005 | 20260322212033.0 | ||
| 008 | data | ||
| 010 | _a 2005030886 | ||
| 020 | _a0307337332 | ||
| 020 | _a9780307337337 | ||
| 040 |
_aDLC _cDLC _dDLC _dBAKER _dOCO _dBUR _dCRH _dVP@ _dDLC |
||
| 042 | _apcc | ||
| 050 | 0 | 0 |
_aSF433 _b.M554 2006 |
| 082 | 0 | 0 |
_a636.7/0887 _222 |
| 092 | _a636.7 M554 2006 | ||
| 100 | 1 | _aMillan, Cesar. | |
| 245 | 1 | 0 |
_aCesar's way : _bthe natural, everyday guide to understanding and correcting common dog problems / _cCesar Millan & Melissa Jo Peltier. |
| 250 | _a1st ed. | ||
| 260 |
_aNew York : _bHarmony Books, _cc2006. |
||
| 300 |
_axviii, 298 p. : _bill. ; _c22 cm. |
||
| 504 | _aIncludes bibliographical references (p. 282-286) and index. | ||
| 505 | 0 | _aPrologue. A dog's life -- 1. Growing up with dogs : a view from the other side of the border -- 2. If we could talk to the animals : the language of energy -- 3. Dog psychology : no couch required -- 4. Power of the pack -- 5. Issues : how we screw up our dogs -- 6. Dogs in the red zone : dangerous aggression -- 7. Cesar's fulfillment formula for a balanced and healthy dog -- 8. "Can't we all just get along?" : simple tips for living happily with your dog -- 9. Fulfilling our dogs, fulfilling ourselves -- Cesar's glossary of terms -- Recommendations for further reading -- Cesar recommends : organizations to turn to. | |
| 520 | _aLearn what goes on inside your dog's mind and develop a positive, fulfilling relationship with your best friend. "Dog Whisperer" Cesar Millan is America's most sought-after dog-behavior expert, but he is not a trainer in the traditional sense--his expertise lies in his ability to comprehend dog psychology. Tracing his own journey from a clay-walled farm in Mexico to the celebrity palaces of Los Angeles, Cesar recounts how he learned what makes dogs tick. Here, he shares this wisdom. Cesar's formula for a contented and balanced dog seems impossibly simple: exercise, discipline, and affection, in that order. Whether you're having issues with your dog or just want to make a good bond even stronger, this book will give you a deeper appreciation of how your dog sees the world, and it will help make your relationship with your beloved pet a richer and more rewarding one.--From publisher description. | ||
| 650 | 0 |
_aDogs _xBehavior. |
|
| 650 | 0 |
_aDogs _xTraining. |
|
| 650 | 0 | _aHuman-animal communication. | |
| 700 | 1 | _aPeltier, Melissa Jo. | |
| 856 | 4 | 1 |
_3Table of contents only _uhttp://www.loc.gov/catdir/toc/ecip062/2005030886.html |
| 856 | 4 | 2 |
_3Contributor biographical information _uhttp://www.loc.gov/catdir/enhancements/fy0623/2005030886-b.html |
| 856 | 4 | 2 |
_3Publisher description _uhttp://www.loc.gov/catdir/enhancements/fy0623/2005030886-d.html |
| 856 | 4 | 1 |
_3Sample text _uhttp://www.loc.gov/catdir/enhancements/fy0661/2005030886-s.html |
| 001 | data | ||
| 999 |
_c756 _d756 |
||